[Event "LTU-chT Rapid"]
[Site "Panevezys"]
[Date "2019.11.24"]
[Round "8.8"]
[White "Liobikiene, Asta"]
[Black "Sibajeva, Marija"]
[Result "0-1"]
[WhiteElo "2003"]
[BlackElo "1948"]
[PlyCount "74"]
[EventDate "2019.11.23"]
[EventType "team-swiss (rapid)"]
[EventRounds "8"]
[EventCountry "LTU"]
[SourceTitle "EXT 2023"]
[Source "ChessBase"]
[SourceDate "2022.10.05"]
[SourceVersion "1"]
[SourceVersionDate "2022.10.05"]
[SourceQuality "1"]

1. e4 c5 2. Nf3 e6 3. d4 cxd4 4. Nxd4 a6 5. Nc3 b5 6. a3 Bb7 7. Be3 Nf6 8. f3 d6 9. Be2 Be7 10. 0-0 0-0 11. Qd2 Nbd7 12. Rad1 Qc7 13. Bg5 Rac8 14. Kh1 Rfd8 15. Qe3 h6 16. Bh4 Ne5 17. f4 Nc4 18. Bxc4 Qxc4 19. Rfe1 Qc5 20. Qg3 Qh5 21. Bxf6 Bxf6 22. e5 dxe5 23. fxe5 Bh4 24. Qe3 Bxe1 25. Rxe1 Bxg2+ 26. Kxg2 Qg4+ 27. Qg3 Qxg3+ 28. hxg3 Rxd4 29. Kf3 Rd2 30. Ne4 Rdxc2 31. Nd6 Rc1 32. Re3 R8c2 33. Kg4 Rxb2 34. Rf3 Rd2 35. Nxf7 Rd5 36. Kh5 Kh7 37. Re3 Rd4 0-1